|
|
|
|
| LEADER |
00000nam a2200000 a 4500 |
| 001 |
vtls010568584 |
| 003 |
SK-MaSNL |
| 005 |
20260301133548.0 |
| 008 |
240314s2013 xo a e n 001 0 slo |
| 015 |
|
|
|a SNBA2014/01
|
| 020 |
|
|
|a 9788022739603
|q (brož.)
|
| 035 |
|
|
|a B8A41823-2289-4577-A59C-36C7645A7474
|
| 035 |
|
|
|a urn:nbn:sk:snk-aml4rb
|
| 035 |
|
|
|a urn:nbn:sk:snk-am008wdk
|
| 040 |
|
|
|a SNK
|b slo
|c SNK
|e AACR2
|
| 041 |
0 |
|
|a slo
|
| 044 |
|
|
|a xo
|c SK
|
| 072 |
|
7 |
|a 658
|x Riadenie a správa podniku
|2 konspekt
|
| 072 |
|
7 |
|a 336.1/.5
|x Verejné financie
|2 konspekt
|
| 080 |
|
|
|a 336.1/.5
|2 2001
|
| 080 |
|
|
|a 658.14/.17
|2 2001
|
| 080 |
|
|
|a (075.8)
|2 2001
|
| 100 |
1 |
|
|a Špirková, Daniela,
|d 1961-
|4 aut
|9 201086
|
| 245 |
1 |
0 |
|a Financie a finančné riadenie
|b teória a príklady
|c Daniela Špirková, Mária Ďurechová
|
| 250 |
|
|
|a 1. vyd.
|
| 260 |
|
|
|a V Bratislave
|b Slovenská technická univerzita
|c 2013
|
| 300 |
|
|
|a 220 s.
|b tab.
|c 25 cm
|
| 366 |
|
|
|e 250 výt.
|
| 490 |
1 |
|
|a Edícia vysokoškolských učebníc
|
| 505 |
|
|
|a Bibliogr.: s. 213-219 ; reg.
|
| 650 |
0 |
7 |
|a verejné financie
|2 SNKPH
|9 2204
|
| 650 |
0 |
7 |
|a finančný manažment
|2 SNKPH
|9 928
|
| 650 |
0 |
7 |
|a Public finance
|2 SNKPHeng
|9 268280
|
| 650 |
0 |
7 |
|a Financial management
|2 SNKPHeng
|9 268527
|
| 655 |
|
7 |
|a učebnice vysokých škôl
|2 SNKPH
|9 70191
|
| 655 |
|
7 |
|a Textbooks (higher)
|2 SNKPHeng
|9 276436
|
| 700 |
1 |
|
|a Ďurechová, Mária
|4 aut
|9 301725
|
| 752 |
|
|
|a Slovensko
|d Bratislava
|
| 810 |
2 |
|
|a Slovenská technická univerzita v Bratislave
|t Edícia vysokoškolských učebníc
|9 155858
|
| 919 |
|
|
|a 978-80-227-3960-3
|
| 958 |
|
|
|a NB
|
| 999 |
|
|
|c 754049
|d 755979
|
| 952 |
|
|
|a SNK
|b SNK
|y PREZ
|7 0
|p 17A1102497
|o snkSC 157633
|i snk2014/896
|8 0
|0 0
|1 0
|4 0
|d 2014-01-13
|f 1
|l 0
|r 2025-08-20 00:00:00
|w 2026-02-23
|
| 952 |
|
|
|a SNK
|b SNK
|y VYP
|7 0
|p 17A1102498
|o snkSC 157633 D1
|i snk2014/897
|8 0
|0 0
|1 0
|4 0
|d 2014-01-13
|l 0
|r 2026-02-23 23:43:49
|w 2026-02-23
|